Największe miasta, które były kontrolowane przez Danię - Statystyki

Ogólne statystyki
  • Ten quiz został rozwiązany 1 335 razy
  • Średni wynik to 13 z 26
Odpowiedzi na mapie
Odpowiedzi zakodowano w zielono-czerwonej skali na mapie do tego quizu, zgodnie z poniższymi procentami.
 
Statystyki odpowiedzi
Populacja Miasto % Poprawnych
1 019 513 Oslo
97%
1 286 172 Helsinki
96%
1 330 993 Kopenhaga
96%
1 758 893 Sztokholm
96%
222 776 Reykjavík
94%
437 619 Tallinn
83%
321 845 Malmo
79%
651 014 Goteborg
64%
257 087 Bergen
60%
186 364 Trondheim
54%
2 511 190 Akra
51%
274 896 Turku
47%
280 534 Aarhus
45%
119 898 Aalborg
43%
180 302 Odense
36%
202 586 Oulu
36%
310 300 Kilonia
34%
166 049 Uppsala
34%
337 541 Tampere
33%
197 955 Serampore
31%
225 020 Stavanger
28%
117 651 Lahti
27%
246 300 Lubeka
26%
125 817 Örebro
16%
126 606 Jyvaskyla
12%
127 799 Vasteras
12%
Nie znaleziono quizów pasujących do podanych kryteriów
Rozkład punktacji
Procent ludzi z każdym wynikiem
Percentyl według liczby udzielonych odpowiedzi
Twoja historia wyników
Nie rozwiązałeś tego quizu